000 00526nam a2200229Ia 4500
003 OSt
005 20220912153229.0
006 a|||||r|||| 00| 0
007 ta
008 220909b |||||||| |||| 00| 0 eng d
024 _a886
037 _cTextual
040 _aCSL
_beng
_cCSL
041 _aeng
082 _aB245, J9
100 _aHohn Franz E
245 0 _aElementry matrix algebra
260 _c1959
300 _ap.
_ccm.
942 _hB245, J9
_cTEXL
_2CC
999 _c99426
_d99426